[Event "TOP16-LaBourdannais"]
[Site "TOP16-LaBourdannais"]
[Date "2021.01.09"]
[Round "8"]
[White "Brunico2016"]
[Black "Lyon-YOUNES"]
[Result "1/2-1/2"]
[WhiteElo "1900"]
[BlackElo "1870"]
[Annotator "NA RC"]
[PlyCount "132"]
[EventDate "2021.01.09"]
[EventType "blitz"]

1. d4 {[%emt 0:00:03]} g6 {[%emt 0:00:01]} 2. c4 {[%emt 0:00:01]} Bg7 {[%emt 0:00:01]} 3. e4 {[%emt 0:00:00]} d6 {[%emt 0:00:01]} 4. Nc3 {[%emt 0:00:01]} e5 {[%emt 0:00:01]} 5. Nf3 {[%emt 0:00:01]} Nc6 {[%emt 0:00:02]} 6. Bg5 {[%emt 0:00:01]} f6 {[%emt 0:00:03]} 7. Be3 {[%emt 0:00:01]} Nh6 {[%emt 0:00:05]} 8. dxe5 {[%emt 0:00:01]} dxe5 {[%emt 0:00:02]} 9. Qxd8+ {[%emt 0:00:01]} Kxd8 {[%emt 0:00:27]} 10. O-O-O+ {[%emt 0:00:02]} Bd7 {[%emt 0:00:06]} 11. h3 {[%emt 0:00:01]} Nf7 {[%emt 0:00:10]} 12. c5 {[%emt 0:00:04]} Kc8 {[%emt 0:00:14]} 13. Bc4 {[%emt 0:00:03]} Rf8 {[%emt 0:00:01]} 14. Rd2 {[%emt 0:00:08]} Nfd8 {[%emt 0:00:59]} 15. Rhd1 {[%emt 0:00:10]} Be8 {[%emt 0:00:01]} 16. b4 {[%emt 0:00:38]} Bf7 {[%emt 0:00:36]} 17. Bxf7 {[%emt 0:00:23]} Nxf7 {[%emt 0:00:00]} 18. b5 {[%emt 0:00:31]} Ne7 {[%emt 0:00:15]} 19. Rd7 {[%emt 0:00:07]} Re8 {[%emt 0:00:09]} 20. Kc2 {[%emt 0:00:47]} Nd8 {[%emt 0:01:08]} 21. g4 {[%emt 0:00:22]} Ne6 {[%emt 0:00:05]} 22. Kb3 {[%emt 0:00:29]} c6 {[%emt 0:00:38]} 23. a4 {[%emt 0:00:03]} Bf8 {[%emt 0:00:15]} 24. R7d6 {[%emt 0:01:04]} Ng8 {[%emt 0:00:19]} 25. bxc6 {[%emt 0:00:01]} bxc6 {[%emt 0:00:18]} 26. Rxc6+ {[%emt 0:00:07]} Kb7 {[%emt 0:00:01]} 27. Rxe6 {[%emt 0:00:09]} Rxe6 {[%emt 0:00:02]} 28. Rd7+ {[%emt 0:00:00]} Kc6 {[%emt 0:00:06]} 29. Rxh7 {[%emt 0:00:08]} Bxc5 {[%emt 0:00:05]} 30. Nd5 {[%emt 0:00:10]} Rb8+ {[%emt 0:00:08]} 31. Kc4 {[%emt 0:00:02]} Bxe3 {[%emt 0:00:08]} 32. fxe3 {[%emt 0:00:01]} Kd6 {[%emt 0:00:04]} 33. Rxa7 {[%emt 0:00:03]} Rc8+ {[%emt 0:00:02]} 34. Kd3 {[%emt 0:00:01]} Ne7 {[%emt 0:00:02]} 35. Nc3 {[%emt 0:00:09]} Nc6 {[%emt 0:00:02]} 36. Rg7 {[%emt 0:00:06]} Nb4+ {[%emt 0:00:02]} 37. Kd2 {[%emt 0:00:01]} g5 {[%emt 0:00:03]} 38. h4 {[%emt 0:00:07]} gxh4 {[%emt 0:00:02]} 39. Nxh4 {[%emt 0:00:01]} Kc5 {[%emt 0:00:01]} 40. Nf5 {[%emt 0:00:01]} Kc4 {[%emt 0:00:06]} 41. Nb5 {[%emt 0:00:05]} Rd8+ {[%emt 0:00:03]} 42. Ke2 {[%emt 0:00:04]} Ra6 {[%emt 0:00:01]} 43. Rf7 {[%emt 0:00:27]} Rh8 {[%emt 0:00:05]} 44. Nbd6+ {[%emt 0:00:03]} Kc3 {[%emt 0:00:03]} 45. Rxf6 {[%emt 0:00:01]} Rxa4 {[%emt 0:00:02]} 46. g5 {[%emt 0:00:02]} Rh3 {[%emt 0:00:03]} 47. Nb5+ {[%emt 0:00:11]} Kc4 {[%emt 0:00:01]} 48. Nfd6+ {[%emt 0:00:03]} Kc5 {[%emt 0:00:01]} 49. Nc3 {[%emt 0:00:09]} Ra3 {[%emt 0:00:02]} 50. Ndb5 {[%emt 0:00:03]} Rb3 {[%emt 0:00:07]} 51. Rf2 {[%emt 0:00:09]} Rb2+ {[%emt 0:00:02]} 52. Kf1 {[%emt 0:00:01]} Rxf2+ {[%emt 0:00:08]} 53. Kxf2 {[%emt 0:00:01]} Rh5 {[%emt 0:00:01]} 54. Nc7 {[%emt 0:00:03]} Rxg5 {[%emt 0:00:02]} 55. Ne6+ {[%emt 0:00:01]} Kc4 {[%emt 0:00:00]} 56. Nxg5 {[%emt 0:00:01]} Kxc3 {[%emt 0:00:01]} 57. Nf7 {[%emt 0:00:01]} Nd3+ {[%emt 0:00:06]} 58. Kf3 {[%emt 0:00:01]} Kd2 {[%emt 0:00:03]} 59. Nd6 {[%emt 0:00:02]} Ne1+ {[%emt 0:00:03]} 60. Kg4 {[%emt 0:00:03]} Kxe3 {[%emt 0:00:02]} 61. Kf5 {[%emt 0:00:01]} Nd3 {[%emt 0:00:02]} 62. Nc4+ {[%emt 0:00:02]} Kd4 {[%emt 0:00:01]} 63. Nxe5 {[%emt 0:00:00]} Nxe5 {[%emt 0:00:01]} 64. Kf4 {[%emt 0:00:01]} Nd3+ {[%emt 0:00:03]} 65. Kf5 {[%emt 0:00:01]} Ne5 {[%emt 0:00:01]} 66. Kg5 {[%emt 0:00:02]} Kxe4 {[%emt 0:00:02] No Material (Lag: Av=0.26s, max=0.8s)} 1/2-1/2

[Event "TOP16-LaBourdannais"]
[Site "TOP16-LaBourdannais"]
[Date "2021.01.09"]
[Round "8"]
[White "maten3coups"]
[Black "Babota"]
[Result "0-1"]
[WhiteElo "1869"]
[BlackElo "1828"]
[Annotator "NA RC"]
[PlyCount "76"]
[EventDate "2021.01.09"]
[EventType "blitz"]

{Babota reconnected.} 1. e4 {[%emt 0:03:18]} c5 {[%emt 0:00:02]} 2. Nf3 {[%emt 0:00:01]} Nc6 {[%emt 0:00:10]} 3. Bb5 {[%emt 0:00:01]} g6 {[%emt 0:00:05]} 4. O-O {[%emt 0:00:09]} Bg7 {[%emt 0:00:01]} 5. Re1 {[%emt 0:00:02]} e5 {[%emt 0:00:01]} 6. d3 {[%emt 0:00:03]} Nge7 {[%emt 0:00:03]} 7. c3 {[%emt 0:00:01]} O-O {[%emt 0:00:03]} 8. Nbd2 {[%emt 0:00:01]} a6 {[%emt 0:00:03]} 9. Ba4 {[%emt 0:00:01]} b5 {[%emt 0:00:05]} 10. Bc2 {[%emt 0:00:01]} d6 {[%emt 0:00:01]} 11. a4 {[%emt 0:00:01]} Rb8 {[%emt 0:00:05]} 12. axb5 {[%emt 0:00:02]} axb5 {[%emt 0:00:00]} 13. b3 {[%emt 0:00:02]} Qc7 {[%emt 0:00:05]} 14. Bb2 {[%emt 0:00:02]} h6 {[%emt 0:00:07]} 15. Nf1 {[%emt 0:00:06]} f5 {[%emt 0:00:24]} 16. Rc1 {[%emt 0:00:11]} f4 {[%emt 0:00:14]} 17. d4 {[%emt 0:00:06]} c4 {[%emt 0:00:04]} 18. bxc4 {[%emt 0:00:08]} bxc4 {[%emt 0:00:02]} 19. Ba3 {[%emt 0:00:00]} Rd8 {[%emt 0:00:17]} 20. dxe5 {[%emt 0:00:08]} dxe5 {[%emt 0:00:06]} 21. Qe2 {[%emt 0:00:01]} Be6 {[%emt 0:00:01]} 22. Ra1 {[%emt 0:00:11]} g5 {[%emt 0:00:15]} 23. N3d2 {[%emt 0:00:21]} g4 {[%emt 0:00:02]} 24. Reb1 {[%emt 0:00:13]} Rxb1 {[%emt 0:00:20]} 25. Rxb1 {[%emt 0:00:03]} Qa5 {[%emt 0:00:11]} 26. Bxe7 {[%emt 0:00:32]} Nxe7 {[%emt 0:00:17]} 27. Nxc4 {[%emt 0:00:02]} Qxc3 {[%emt 0:00:05]} 28. Bb3 {[%emt 0:00:05]} f3 {[%emt 0:00:07]} 29. Qe3 {[%emt 0:00:15]} Rd3 {[%emt 0:00:17]} 30. Qc5 {[%emt 0:00:14]} Ng6 {[%emt 0:00:13]} 31. Nfe3 {[%emt 0:00:03]} Nf4 {[%emt 0:00:18]} 32. gxf3 {[%emt 0:00:02]} gxf3 {[%emt 0:00:03]} 33. Qa5 {[%emt 0:00:02]} Nh3+ {[%emt 0:00:51]} 34. Kf1 {[%emt 0:00:03]} Rxe3 {[%emt 0:00:07] .} 35. Qd8+ {[%emt 0:00:14]} Kh7 {[%emt 0:00:05] .} 36. fxe3 {[%emt 0:00:03]} Bxc4+ {[%emt 0:00:05]} 37. Bxc4 {[%emt 0:00:00]} Qxc4+ {[%emt 0:00:02]} 38. Ke1 {[%emt 0:00:01]} Qe2# {[%emt 0:00:01] Mate (Lag: Av=0.90s, max=4.6s) Babota reconnected.} 0-1

[Event "TOP16-LaBourdannais"]
[Site "TOP16-LaBourdannais"]
[Date "2021.01.09"]
[Round "9"]
[White "ProfTerrieux"]
[Black "PositionalChess"]
[Result "1/2-1/2"]
[WhiteElo "2451"]
[BlackElo "2124"]
[Annotator "TA"]
[PlyCount "86"]
[EventDate "2021.01.09"]
[EventType "blitz"]

{[%evp 9,86,0,-1,0,0,0,6,0,2,0,12,20,22,31,46,0,16,0,0,0,0,0,-4,-22,-22,-45,-31,-50,-50,-50,-50,-52,-50,-50,-50,-50,-50,-98,-64,-66,-62,-62,-50,-74,-54,-88,-67,-80,-64,-84,-31,-96,0,0,0,-10,-41,-29,0,-5,0,0,0,0,0,0,0,0,0,0,0,-7,0,0,0,-7,0,0,0]} 1. d4 d5 2. Bf4 Nf6 3. Nc3 g6 4. e3 Bg7 5. h4 c6 6. Nf3 {D00: 1 d4 d5: Unusual lines.} Bg4 7. Be2 Nbd7 8. Ne5 Bxe2 9. Qxe2 Qa5 10. O-O-O Nxe5 11. Bxe5 h5 {[#]} 12. e4 $146 (12. Kb1 {keeps more tension.} b5 13. a3 b4 14. axb4 Qxb4 15. Qa6) ({Predecessor:} 12. Kb1 O-O-O 13. f3 Rhe8 14. a3 Bh8 15. Bh2 Nd7 16. e4 e6 17. Qe3 Nb6 18. Qf4 {1-0 (31) Chan,Y (2316)-Naumann,A (2539) chess.com INT 2020}) 12... dxe4 13. Bxf6 Bxf6 14. Nxe4 O-O-O 15. Nxf6 exf6 16. Kb1 Rhe8 17. Qf3 f5 18. c3 Re4 19. Rd3 Rde8 20. Rhd1 Qd5 21. g3 Re2 22. Qxd5 cxd5 $15 {[%mdl 4096] Endgame KRR-KRR} 23. Rf3 Kd7 24. Kc1 $1 Kd6 25. Rd2 Re1+ 26. Kc2 R8e4 27. Rfd3 Rf1 28. Rf3 Ree1 29. a4 Ra1 ({Black should play} 29... a5 $17) 30. Kb3 {[#]} (30. Re3 $15) 30... Rad1 (30... Rfe1 $1 $17) 31. Re2 $11 Rfe1 32. Rfe3 (32. Rxe1 {is more complex.} Rxe1 33. Re3 Rf1 34. f4 a5 35. Kc2) 32... Rxe2 33. Rxe2 {KR-KR} Rh1 (33... f4 $5) 34. f4 {The position is equal.} Rg1 35. Re3 Rg2 36. Ka3 a5 37. b4 b6 38. Kb3 Rg1 39. bxa5 bxa5 40. Kb2 Rg2+ 41. Kb3 Rg1 42. Kb2 Rg2+ 43. Kb3 Rg1 {Weighted Error Value: White=0.09/Black=0.10} 1/2-1/2

[Event "TOP16-LaBourdannais"]
[Site "TOP16-LaBourdannais"]
[Date "2021.01.09"]
[Round "9"]
[White "sFeller"]
[Black "Babota"]
[Result "1-0"]
[WhiteElo "2059"]
[BlackElo "1897"]
[Annotator "TA"]
[PlyCount "53"]
[EventDate "2021.01.09"]
[EventType "blitz"]

{[%evp 9,53,34,75,60,73,49,61,46,143,154,153,169,183,169,163,173,174,175,285,290,298,293,270,257,280,261,511,506,530,483,438,373,335,195,332,335,394,375,577,556,645,611,660,643,1151,1136]} 1. d4 g6 2. h4 d5 3. h5 gxh5 {[#]} 4. Bg5 $146 ({Predecessor:} 4. Rxh5 Nf6 5. Rh1 Nc6 6. Nf3 Bg7 7. Nc3 Bf5 8. a3 a6 9. Bf4 e6 10. e3 {1-0 (38) Soponyai,T (2135)-Vellak,L (1989) Hungary 2012}) 4... Bf5 5. c4 Nc6 6. e3 {A40: Unusual replies to 1 d4.} f6 7. Bh4 ({But not} 7. Qxh5+ $2 Bg6 $19) 7... e5 8. Nc3 {White is slightly better.} Bb4 (8... exd4 $14 9. Nxd5 Nb4 10. Qa4+ (10. Qxh5+ $2 Bg6 $19) 10... Bd7) 9. dxe5 d4 10. exd4 Qxd4 11. Qxd4 Nxd4 12. O-O-O {aiming for Nd5.} fxe5 {[#]} 13. Nd5 {[%cal Rd5c7]} Bf8 {[#]} (13... Bd6 $142) 14. Rxd4 $1 $18 {[%mdl 512]} exd4 15. Nxc7+ {[%mdl 64] Double Attack} Kd7 16. Nxa8 Bh6+ 17. Kd1 b6 $2 (17... Bf4 18. c5 d3) 18. c5 bxc5 19. Bb5+ Kc8 20. Bg3 Nf6 21. Nc7 (21. Nf3 $142) 21... Ne4 (21... Rg8 {might work better.}) 22. Nd5 {Strongly threatening Ne7+.} Kb7 23. Nf3 Rg8 {[#]} (23... Bg6 $142 24. Ne5 Nxg3 25. fxg3 Rd8 26. Bc6+ Kc8) 24. Bc6+ $1 {[%mdl 512] White is clearly winning.} Ka6 (24... Kxc6 25. Ne7+) 25. Ne7 Rxg3 26. Bxe4 Rg7 27. Nxf5 {Black did not feel at home in the position after the opening.  Weighted Error Value: White=0.12/Black=0.61} 1-0

[Event "TOP16-LaBourdannais"]
[Site "TOP16-LaBourdannais"]
[Date "2021.01.09"]
[Round "9"]
[White "MeMouss"]
[Black "yvesandre2"]
[Result "0-1"]
[WhiteElo "2040"]
[BlackElo "2302"]
[Annotator "TA"]
[PlyCount "82"]
[EventDate "2021.01.09"]
[EventType "blitz"]
[WhiteTeam "Vandoeuvre"]

{[%evp 9,82,15,14,15,22,0,0,-20,0,0,8,0,0,-56,0,-23,-14,-29,-2,-35,-29,-26,-15,-47,-37,-29,-44,-129,-72,-72,-73,-68,-61,-75,-76,-101,-110,-202,-197,-210,-176,-147,-110,-122,-123,-138,-99,-140,-98,-94,-102,-94,-97,-209,-207,-286,-282,-283,-278,-312,-312,-302,-284,-357,-347,-585,-579,-29979,-29980,-29988,-29989,-29990,-29990,-29990,-29991]} 1. e4 e5 2. Nf3 Nc6 3. Bc4 Bc5 4. c3 Nf6 5. d3 a5 6. O-O {C54: Giuoco Piano: 4 c3 Nf6, main lines with 5 d4 and 5 d3.} d6 7. d4 Bb6 8. Re1 {The position is equal.} O-O 9. h3 h6 10. Bb5 Bd7 11. Na3 ({White should try} 11. Ba4 $11) 11... Re8 (11... exd4 $15 12. cxd4 Re8) 12. d5 Ne7 13. Bxd7 {[#]} Qxd7 $146 ({Predecessor:} 13... Nxd7 14. Nc4 f5 15. exf5 Nxf5 16. Nfd2 Ba7 17. Ne4 Nf6 18. Qd3 Rf8 19. Be3 Nxe4 20. Qxe4 Nxe3 21. Nxe3 {½-½ (65) Warakomski,T (2515)-Sadzikowski,D (2522) Ustron 2020}) 14. Nc4 Bc5 15. a4 Ng6 16. Qb3 c6 17. dxc6 bxc6 18. Qc2 ({Better is} 18. Be3 $15) 18... Qc7 (18... d5 $142 $1 {[%cal Rd5c4]} 19. exd5 e4) 19. Be3 Bxe3 20. Nxe3 d5 21. exd5 cxd5 {[%cal Bc6d5,Bd5d4,Bd4d3][%mdl 32]} 22. Nf5 d4 23. Rec1 (23. Ng3 $17) 23... d3 $19 24. Qd2 e4 25. N3d4 Ne7 26. Ne3 Nfd5 27. Nb5 Qf4 28. Re1 Rad8 29. Nc4 {Threatening Qxf4.} Qxd2 30. Nxd2 f5 31. c4 (31. Na3 $17) 31... Nb4 $1 32. Nc7 {[#]} Nc2 $1 33. Nxe8 Rxe8 34. Rad1 Nxe1 35. Rxe1 {[%mdl 4096] Endgame [#] KRN-KRN} Nc6 $1 36. Kf1 Nd4 37. Re3 $2 (37. Rd1) 37... Nc2 38. Rg3 f4 {Black mates.} 39. Rg4 e3 40. Nf3 e2+ 41. Kg1 d2 {[%mdl 64] Promotion.  Weighted Error Value: White=0.53/Black=0.07} 0-1

[Event "TOP16-LaBourdannais"]
[Site "TOP16-LaBourdannais"]
[Date "2021.01.09"]
[Round "9"]
[White "Soumcouy"]
[Black "amiralfio"]
[Result "0-1"]
[WhiteElo "2040"]
[BlackElo "1836"]
[Annotator "TA"]
[PlyCount "58"]
[EventDate "2021.01.09"]
[EventType "blitz"]

{[%evp 9,58,13,10,14,29,6,12,-75,-72,-76,-10,-68,-12,-75,-79,-86,-89,-91,-102,-106,-108,-112,-118,-206,0,-84,-71,-101,0,0,0,0,0,0,0,0,133,-34,0,-2,0,-2,0,-27,-16,-795,-809,-925,-920,-897,-907]} 1. d4 f5 2. c4 Nf6 3. Nc3 e6 4. Bg5 Bb4 5. Rc1 O-O 6. e3 {A85: Dutch Defence: 2 c4 Nf6 3 Nc3.} b6 {[#]} 7. Bd3 $146 ({Predecessor:} 7. Be2 Bb7 8. Bf3 Qc8 9. h3 Ne4 10. Bf4 Bxc3+ 11. bxc3 d6 12. Bh2 Nd7 13. Ne2 {1-0 (32) Samartsev,A (2334)-Neizvestnykh,V (2184) Khanty-Mansiysk 2009}) 7... Bb7 8. Nge2 (8. Nf3 $11) 8... Bxg2 $17 9. Rg1 Be4 (9... Bb7 $17) 10. Nf4 (10. Bxe4 $11 fxe4 11. a3 Bxc3+ 12. Nxc3) 10... Qe8 ({Black should try} 10... Bxd3 $15 11. Nxd3 Nc6) 11. f3 (11. Be2 $11) 11... Bxd3 12. Qxd3 Nc6 13. Rc2 e5 14. Bxf6 Rxf6 15. Nfd5 Rg6 16. Rcg2 (16. Kf1 $17 Rxg1+ 17. Kxg1) 16... Bd6 $2 (16... exd4 $19 17. Nxc7 {[%mdl 64] Double Attack} Qb8 18. Rxg6 hxg6 19. Nxa8 Qxh2) 17. Kd1 (17. c5 $11 {remains equal.} Nxd4 18. cxd6 Nxf3+ 19. Kd1 Nxg1 20. Ne7+ Kh8 21. Nxg6+ hxg6 22. dxc7 (22. Rxg1 c6 $16)) 17... Qf7 18. Nb5 e4 (18... Rxg2 $17 19. Rxg2 Rf8) 19. Nxd6 $11 cxd6 20. fxe4 fxe4 21. Qxe4 {[%cal Rg2g6]} Re8 {[%cal Ba8e8,Be8e3,Be3d3][%mdl 32]} 22. Qf4 Qe6 {[#]} (22... Qxf4 $11 23. Nxf4 Rxg2 24. Nxg2 d5) 23. Nc7 $2 ({White should play} 23. Rxg6 $1 $16 hxg6 24. Qg5) 23... Qxe3 (23... Rxg2 {with more complications.} 24. Rxg2 Qxe3 25. Qxe3 Rxe3 26. Rd2 Ne7) 24. Qxe3 Rxe3 25. Rxg6 hxg6 26. Rxg6 Nxd4 27. Rxd6 $2 $15 {[%mdl 8192] KRN-KRN} (27. Kd2 $11 Nf5 28. Rg5) 27... Rd3+ $19 {Black is clearly winning.} 28. Kc1 Ne2+ {[%mdl 64] [#] Discovered Attack} 29. Kc2 Rxd6 {Weighted Error Value: White=0.78/Black=0.40} 0-1

[Event "TOP16-LaBourdannais"]
[Site "TOP16-LaBourdannais"]
[Date "2021.01.09"]
[Round "9"]
[White "Pierre35"]
[Black "Lasker69"]
[Result "1-0"]
[WhiteElo "1938"]
[BlackElo "2438"]
[Annotator "NA RC"]
[PlyCount "33"]
[EventDate "2021.01.09"]
[EventType "blitz"]

1. e4 {[%emt 0:00:02] Lasker69 reconnected.} e6 {[%emt 0:00:40]} 2. d4 {[%emt 0:00:02]} d5 {[%emt 0:00:02]} 3. Nd2 {[%emt 0:00:01] Lasker69 received Ill MvData=2. d2-d4 (172cs)} Nf6 {[%emt 0:00:02]} 4. e5 {[%emt 0:00:01]} Nfd7 {[%emt 0:00:02]} 5. Bd3 {[%emt 0:00:01] Lasker69 received Ill MvData=6. e4-e5 (125cs)} c5 {[%emt 0:00:01]} 6. c3 {[%emt 0:00:01] Lasker69 received Ill MvData=8. f1-d3 (88cs)} Nc6 {[%emt 0:00:02]} 7. Ngf3 {[%emt 0:00:01] Lasker69 received Ill MvData=10. c2-c3 (73cs) Lasker69 kibitzing!?} Be7 {[%emt 0:00:17]} 8. O-O {[%emt 0:00:03] Lasker69 kibitzing!?} g5 {[%emt 0:00:09]} 9. dxc5 {[%emt 0:00:01] Lasker69 kibitzing!?} Ndxe5 {[%emt 0:00:08]} 10. Nxe5 {[%emt 0:00:04]} Nxe5 {[%emt 0:00:01]} 11. Nb3 {[%emt 0:00:00] Lasker69 received Ill MvData=18. f3-e5 (403cs) Lasker69 kibitzing!?} Bd7 {[%emt 0:00:14]} 12. f4 {[%emt 0:00:03] Lasker69 kibitzing!?} Nxd3 {[%emt 0:00:13]} 13. Qxd3 {[%emt 0:00:02]} g4 {[%emt 0:00:01] Lasker69 received Ill MvData=24. d1-d3 (198cs)} 14. f5 {[%emt 0:00:11] Lasker69 kibitzing!?} exf5 {[%emt 0:00:05]} 15. Bf4 {[%emt 0:00:21] Lasker69 kibitzing!?} Be6 {[%emt 0:00:10]} 16. Nd4 {[%emt 0:00:18] Lasker69 kibitzing!?} Bxc5 {[%emt 0:00:08]} 17. Qb5+ {[%emt 0:00:02] Lasker69 kibitzing!? Lasker69 resigns} 1-0

[Event "TOP16-LaBourdannais"]
[Site "TOP16-LaBourdannais"]
[Date "2021.01.09"]
[Round "9"]
[White "Risso"]
[Black "Lyon-YOUNES"]
[Result "1-0"]
[WhiteElo "1916"]
[BlackElo "1876"]
[Annotator "TA"]
[PlyCount "77"]
[EventDate "2021.01.09"]
[EventType "blitz"]

{[%evp 10,76,35,25,40,19,33,20,55,58,43,60,65,67,154,117,111,109,106,104,170,123,247,232,324,315,316,329,250,219,318,318,511,287,406,186,188,190,189,193,218,138,136,143,142,163,212,215,242,241,231,202,408,407,397,401,642,651,666,655,29966,29966,29981,29982,29982,29983,29993,29994,29999]} 1. e4 g6 2. d4 Bg7 3. Nc3 d6 4. Be3 a6 5. h4 Nf6 6. f3 b5 {B07: Pirc Defence: Miscellaneous Systems.} 7. Qd2 h5 8. O-O-O c6 {The position is equal.} 9. Kb1 Qc7 10. Bf4 Nfd7 11. Nh3 {[#]} O-O $146 ({Black should play} 11... b4 $14) ({Predecessor:} 11... b4 12. Na4 c5 13. Nxc5 Nxc5 14. dxc5 Qxc5 15. Be3 Qe5 16. Qxb4 Nc6 17. Qa3 Rb8 {0-1 (52) Kuipers,S (2477)-Ten Hertog,H (2453) Apeldoorn 2018}) 12. Ng5 e5 13. dxe5 dxe5 14. Be3 Re8 (14... Nf6 $16) 15. Be2 Nf8 {A mistake that costs the game.} (15... Nf6 $16 {is a better defense.}) 16. g4 $18 hxg4 17. fxg4 Ne6 18. Nxe6 Bxe6 19. h5 Nd7 (19... Qe7 $142 20. Rdf1 Nd7 21. hxg6 fxg6) 20. Bh6 Bh8 $2 {[#]} (20... Nb6 {might work better.} 21. Bxg7 Kxg7 22. hxg6 Rh8 23. gxf7 Qe7) 21. Qg5 Qd8 (21... Bf6 $142 22. Rxd7 Bxg5 23. Rxc7 Bxh6) 22. hxg6 (22. Qe3 $142) 22... Qxg5 23. gxf7+ ({Resist} 23. Bxg5 $6 fxg6 24. Be3 Bg7 $16) 23... Bxf7 24. Bxg5 Nc5 25. a3 Ne6 26. Be3 Nd4 27. g5 Nxe2 28. Nxe2 Bg6 {[#]} 29. Ng3 {Black must now prevent Rd6.} Rad8 30. Nf5 Rxd1+ $2 (30... Bg7 31. Rd3 Bf8) 31. Rxd1 Bg7 32. Rd6 {[%mdl 64] Double Attack} Bxf5 (32... Bh5 $142 33. Rxc6 a5) 33. exf5 {[%mdl 4096] Endgame KRB-KRB} Rc8 34. f6 Bf8 35. Rd7 {White mates.} c5 36. g6 Rc6 37. Bg5 e4 38. Rh7 {[%csl Gg6,Gh7][%cal Rf6f7]} e3 39. f7# {Weighted Error Value: White=0.22/Black=0.66} 1-0

[Event "TOP16-LaBourdannais"]
[Site "TOP16-LaBourdannais"]
[Date "2021.01.09"]
[Round "9"]
[White "Brunico2016"]
[Black "jncool68"]
[Result "1/2-1/2"]
[WhiteElo "1895"]
[BlackElo "2389"]
[Annotator "NA RC"]
[PlyCount "84"]
[EventDate "2021.01.09"]
[EventType "blitz"]
[TimeControl "300+3"]

1. d4 {[%emt 0:00:01]} Nf6 {[%emt 0:00:01]} 2. c4 {[%emt 0:00:01]} e6 {[%emt 0:00:01]} 3. Nf3 {[%emt 0:00:01]} Bb4+ {[%emt 0:00:02]} 4. Bd2 {[%emt 0:00:01]} Qe7 {[%emt 0:00:02]} 5. g3 {[%emt 0:00:02]} Bxd2+ {[%emt 0:00:01]} 6. Qxd2 {[%emt 0:00:02]} Nc6 {[%emt 0:00:01]} 7. Nc3 {[%emt 0:00:02]} O-O {[%emt 0:00:02]} 8. Bg2 {[%emt 0:00:05]} d5 {[%emt 0:00:01]} 9. O-O {[%emt 0:00:11]} dxc4 {[%emt 0:00:01]} 10. Ne5 {[%emt 0:00:04]} Nxe5 {[%emt 0:00:23]} 11. dxe5 {[%emt 0:00:01]} Nd7 {[%emt 0:00:01]} 12. Qd4 {[%emt 0:00:09]} Qc5 {[%emt 0:00:04]} 13. Qxc5 {[%emt 0:00:11]} Nxc5 {[%emt 0:00:00]} 14. Nb5 {[%emt 0:00:11]} Bd7 {[%emt 0:00:06]} 15. Na3 {[%emt 0:00:03]} Rfd8 {[%emt 0:00:07]} 16. Rfd1 {[%emt 0:00:12]} Ba4 {[%emt 0:00:02]} 17. Rxd8+ {[%emt 0:00:10]} Rxd8 {[%emt 0:00:00]} 18. Nxc4 {[%emt 0:00:01]} Rd1+ {[%emt 0:00:38]} 19. Rxd1 {[%emt 0:00:02]} Bxd1 {[%emt 0:00:00]} 20. Kf1 {[%emt 0:00:37]} b6 {[%emt 0:00:03]} 21. Ke1 {[%emt 0:00:05]} Ba4 {[%emt 0:00:01]} 22. Kd2 {[%emt 0:00:07]} Kf8 {[%emt 0:00:08]} 23. b4 {[%emt 0:00:09]} Nd7 {[%emt 0:00:03]} 24. f4 {[%emt 0:00:01]} Ke7 {[%emt 0:00:08]} 25. Kc3 {[%emt 0:00:08]} Bb5 {[%emt 0:00:02]} 26. e3 {[%emt 0:00:05]} Bxc4 {[%emt 0:00:15]} 27. Kxc4 {[%emt 0:00:01]} Nb8 {[%emt 0:00:00]} 28. Be4 {[%emt 0:00:09]} h6 {[%emt 0:00:02]} 29. a3 {[%emt 0:00:03]} Kd7 {[%emt 0:00:05]} 30. Bf3 {[%emt 0:00:09]} c6 {[%emt 0:00:01]} 31. Bh5 {[%emt 0:00:07]} Ke7 {[%emt 0:00:04]} 32. Bf3 {[%emt 0:00:02]} Kd7 {[%emt 0:00:03]} 33. Bh5 {[%emt 0:00:02]} g6 {[%emt 0:00:34]} 34. Bf3 {[%emt 0:00:01]} Kc7 {[%emt 0:00:01]} 35. h4 {[%emt 0:00:18]} h5 {[%emt 0:00:01]} 36. g4 {[%emt 0:00:11]} hxg4 {[%emt 0:00:01]} 37. Bxg4 {[%emt 0:00:01]} Nd7 {[%emt 0:00:01]} 38. h5 {[%emt 0:00:02]} gxh5 {[%emt 0:00:02]} 39. Bxh5 {[%emt 0:00:01]} f6 {[%emt 0:00:01]} 40. exf6 {[%emt 0:00:01]} Nxf6 {[%emt 0:00:01]} 41. Bf3 {[%emt 0:00:03]} Kd6 {[%emt 0:00:01]} 42. Kd4 {[%emt 0:00:05]} Nd7 {[%emt 0:00:03] jncool68 propose la nulle (Lag: Av=0.31s, max=0.7s)} 1/2-1/2